| 000 | 01163caa a22002417a 4500 | ||
|---|---|---|---|
| 999 |
_c420299 _d420299 |
||
| 001 | 131865 | ||
| 003 | UA-OsUOA | ||
| 005 | 20200127114752.0 | ||
| 007 | ta | ||
| 008 | 20180621b un ||||| |||| 00| 0 ukr d | ||
| 040 |
_aUA-OsUOA _bukr _cUA-OsUOA _dUA-OsUOA |
||
| 041 | _aukr | ||
| 080 | _a908 | ||
| 090 |
_a908 _bВ54 |
||
| 100 | _aС. Горін | ||
| 245 |
_aВитяг з інвентарю Луцького Успенського монастиря, складеного королівським коморником після смерті луцького унійного владики Кирила (Терлецького), 30 серпня 1607року _cС. Горін |
||
| 300 | _aС. 462 | ||
| 650 | 7 |
_a908 Краєзнавство _2UDC |
|
| 773 | 0 |
_0400173 _9416948 _aГорін С. _dК. КМА 2012 _o149246 _tМонастирі Луцько-Острозької єпархії кінця XV - XVII ст.: функціонування і місце у волинському соціумі _w(UA-OsUOA) 113964 _z978-966-518-613-7 |
|
| 942 |
_cBKA _2udc |
||
| 955 | _a1 | ||